| 000 | 00362nam a2200145Ia 4500 | ||
|---|---|---|---|
| 008 | 150201s2004 xx 000 0 und d | ||
| 082 |
_a612.01 _bO2004W |
||
| 100 | _aSTUART C . WHITE | ||
| 245 | _aORAL RADIOLOGY :PRINCIPLES OF INTERPREFATION | ||
| 250 | _a5TH | ||
| 260 |
_bMOSBY _aDELHI _c2004 |
||
| 300 | _a1-741 | ||
| 650 | _aORAL MEDICINE | ||
| 942 |
_2ddc _cBK |
||
| 999 |
_c2885 _d2885 |
||